[Event "44th BAN-ch OMICON 2018"]
[Site "Dhaka"]
[Date "2018.12.03"]
[Round "10"]
[White "Zia, Tahsin Tajwar"]
[Black "Anata, Choudhury"]
[Result "1/2-1/2"]
[WhiteElo "1803"]
[BlackElo "2141"]
[Annotator "TA"]
[PlyCount "94"]
[EventDate "2018.11.24"]
[EventType "swiss"]
[EventCountry "BAN"]
[SourceTitle "playchess.com"]
[Source "ChessBase"]
[SourceQuality "1"]

{[%evp 14,94,0,0,0,-16,-8,-28,-16,-64,22,0,20,-7,0,-7,-3,0,0,-4,-12,-10,0,-31,8,2,26,0,0,0,18,20,26,0,0,0,0,0,0,0,0,-25,-39,-32,0,0,0,0,0,0,0,0,0,0,7,0,0,0,0,0,0,0,0,0,0,0,0,0,0,0,0,0,0,0,0,0,0,0,0,0,0,0,0]} 1. Nf3 Nf6 2. g3 g6 3. Bg2 Bg7 4. O-O d5 5. d3 O-O 6. c3 a5 7. a4 {A07: Réti Opening: New York and Capablanca Systems} Nc6 8. Nbd2 {LiveBook: 24 Games} Re8 9. Qc2 $146 ({Predecessor:} 9. Re1 b6 10. e4 dxe4 11. dxe4 Ba6 12. Qb3 Nd7 13. Nf1 e6 14. Be3 Nce5 15. Nxe5 Nxe5 {0-1 (34) Sorgic,D (2278)-Kotronias,V (2603) Budva 2009}) 9... b6 10. Rd1 Ba6 11. Nf1 Rc8 ({Black should play} 11... e5 $15) 12. e4 $11 e6 13. h4 dxe4 14. dxe4 Qe7 15. Bg5 {[#] Threatens to win with e5.} h6 16. Bxf6 Bxf6 17. Ne3 Red8 18. Bf1 Bxf1 19. Kxf1 Qc5 20. Kg2 h5 21. Qe2 Rxd1 (21... Nb8 {looks sharper.} 22. Qb5 Qxb5 23. axb5 Rxd1 24. Rxd1 c6) 22. Rxd1 Rd8 23. Qc4 Qxc4 24. Rxd8+ Nxd8 25. Nxc4 {[%mdl 4096] Endgame KBN-KNN} Nb7 26. e5 Be7 27. Nfd2 Nc5 28. b3 g5 29. hxg5 {The position is equal.} Bxg5 30. f4 Bd8 31. Kf3 f5 32. Nb2 Na6 33. Nd3 Be7 34. Nc4 Kf7 35. Ne3 Ke8 36. Nc2 Kd7 37. Ke3 h4 38. gxh4 Bxh4 39. Na3 Be7 40. Nc4 Nc5 41. Nxc5+ Bxc5+ {KB-KN} 42. Kd3 Be7 43. Nb2 Bc5 44. Ke2 Kc6 45. c4 Bg1 46. Nd3 Bc5 47. Kf3 Be7 {Accuracy: White = 59%, Black = 67%.} 1/2-1/2